MAASAI MARA UNIVERSITY

LIBRARY CATALOGUE

Contact Us: +254 020 2685356/7 or 0774 057787

Box: 861-20500, NAROK, KENYA

Email: info@mmarau.ac.ke

Guinness World Records : (Record no. 33301)

MARC details
000 -LEADER
fixed length control field 01266cam a22003377i 4500
001 - CONTROL NUMBER
control field 20532466
003 - CONTROL NUMBER IDENTIFIER
control field OSt
005 - DATE AND TIME OF LATEST TRANSACTION
control field 20250127115309.0
008 - FIXED-LENGTH DATA ELEMENTS--GENERAL INFORMATION
fixed length control field 180607s2017 xx a j 001 0 eng d
010 ## - LIBRARY OF CONGRESS CONTROL NUMBER
LC control number 2018300965
020 ## - INTERNATIONAL STANDARD BOOK NUMBER
International Standard Book Number 9782914636056
040 ## - CATALOGING SOURCE
Original cataloging agency MMARA-U
Language of cataloging eng
Transcribing agency MMARA-U
Description conventions MMARA-U
Modifying agency MMARA-U
050 ## - LIBRARY OF CONGRESS CALL NUMBER
Classification number REF AG243 .G964 2002
245 00 - TITLE STATEMENT
Title Guinness World Records :
Remainder of title amazing animals.
264 #1 - PRODUCTION, PUBLICATION, DISTRIBUTION, MANUFACTURE, AND COPYRIGHT NOTICE
Place of production, publication, distribution, manufacture [Place of publication not identified] :
Name of producer, publisher, distributor, manufacturer Guinness World Records,
Date of production, publication, distribution, manufacture, or copyright notice 2002.
300 ## - PHYSICAL DESCRIPTION
Extent 284 pages :
Other physical details color illustrations ;
Dimensions 27 cm
500 ## - GENERAL NOTE
General note Includes index.
650 #0 - SUBJECT ADDED ENTRY--TOPICAL TERM
Topical term or geographic name as entry element Animals
Form subdivision Juvenile literature.
9 (RLIN) 2368
650 #0 - SUBJECT ADDED ENTRY--TOPICAL TERM
Topical term or geographic name as entry element Curiosities and wonders
Form subdivision Juvenile literature.
9 (RLIN) 2369
650 #0 - SUBJECT ADDED ENTRY--TOPICAL TERM
Topical term or geographic name as entry element World records
Form subdivision Juvenile literature.
9 (RLIN) 2370
650 #1 - SUBJECT ADDED ENTRY--TOPICAL TERM
Topical term or geographic name as entry element Animals
Form subdivision Miscellanea.
9 (RLIN) 2371
650 #1 - SUBJECT ADDED ENTRY--TOPICAL TERM
Topical term or geographic name as entry element World records.
9 (RLIN) 2372
650 #7 - SUBJECT ADDED ENTRY--TOPICAL TERM
Topical term or geographic name as entry element Animals.
Source of heading or term fast
Authority record control number (OCoLC)fst00809468
9 (RLIN) 2373
650 #7 - SUBJECT ADDED ENTRY--TOPICAL TERM
Topical term or geographic name as entry element Curiosities and wonders.
Source of heading or term fast
Authority record control number (OCoLC)fst00885285
9 (RLIN) 2374
650 #7 - SUBJECT ADDED ENTRY--TOPICAL TERM
Topical term or geographic name as entry element World records.
Source of heading or term fast
Authority record control number (OCoLC)fst01181413
9 (RLIN) 2372
655 #4 - INDEX TERM--GENRE/FORM
Genre/form data or focus term Illustrated works.
9 (RLIN) 2375
655 #7 - INDEX TERM--GENRE/FORM
Genre/form data or focus term Illustrated works.
Source of term fast
Authority record control number (OCoLC)fst01423873
9 (RLIN) 2375
655 #7 - INDEX TERM--GENRE/FORM
Genre/form data or focus term Juvenile works.
Source of term fast
Authority record control number (OCoLC)fst01411637
9 (RLIN) 2376
655 #7 - INDEX TERM--GENRE/FORM
Genre/form data or focus term Illustrated works.
Source of term lcgft
9 (RLIN) 2375
942 ## - ADDED ENTRY ELEMENTS (KOHA)
Source of classification or shelving scheme Library of Congress Classification
Koha item type R
Holdings
Withdrawn status Lost status Source of classification or shelving scheme Damaged status Not for loan Home library Current library Date acquired Source of acquisition Total Checkouts Full call number Barcode Date last seen Price effective from Koha item type
    Library of Congress Classification     Maasai Mara University Library -Main Campus Maasai Mara University Library -Main Campus 01/27/2025 Donation   REF AG243 .G964 2002 24040402 01/27/2025 01/27/2025 R
© 2016 Maasai Mara University.